มุมมองปกติ
มุมมองแบบ MARC
- Constitutions
รายการ Topical Term
001 - CONTROL NUMBER
- control field: 10069
003 - CONTROL NUMBER IDENTIFIER
- control field: NALT
005 - DATE AND TIME OF LATEST TRANSACTION
- control field: 20170727141357.0
008 - FIXED-LENGTH DATA ELEMENTS
- fixed length control field: 170718|| aca||aabn | a|a d
040 ## - CATALOGING SOURCE
- Original cataloging agency: NALT
- Transcribing agency: NALT
150 ## - HEADING--TOPICAL TERM
- Topical term or geographic name entry element: Constitutions
- Geographic subdivision: Lithuania
670 ## - SOURCE DATA FOUND
- Source citation: Work cat.: (NALT)57814: Constitutions of the countries of the world 2007 vol. XI, 2007
